[Event "Clichy"]
[Site "Clichy"]
[Date "1998.12.12"]
[Round "1"]
[White "Mohamed, Esam Ahmed Nagib"]
[Black "Prie, Eric"]
[Result "1/2-1/2"]
[WhiteElo "2455"]
[BlackElo "2465"]

1.d4 d5 2.c4 c6 3.Nc3 Nf6 4.Nf3 a6 5.Ne5 Nbd7 6.Bf4 Nxe5 7.dxe5 Ne4 8.Nxe4 dxe4
9.Qxd8+ Kxd8 10.O-O-O+ Ke8 11.e3 c5 12.Be2 e6 13.Bg5 Bd7 14.Rd2 Be7 15.h4 Bc6
16.g4 Rd8 17.Rxd8+ Bxd8 18.Bf4 h6  1/2-1/2

[Event "BL2-O9899"]
[Site "Germany"]
[Date "1998.12.13"]
[Round "3.3"]
[White "Arnold, Johannes"]
[Black "Schoebel, Wolfgang"]
[Result "0-1"]
[WhiteElo "2325"]
[BlackElo "2270"]

1.d4 d5 2.c4 c6 3.Nf3 Nf6 4.Nc3 a6 5.a4 e6 6.e3 Nbd7 7.Bd3 Bd6 8.O-O O-O
9.Qc2 Qe7 10.e4 dxc4 11.Bxc4 e5 12.h3 exd4 13.Nxd4 Ne5 14.Bb3 Rd8 15.Be3 c5
16.Nde2 Nc6 17.Rad1 Nb4 18.Qb1 Be6 19.Bxe6 Qxe6 20.f4 Be7 21.Bf2 Rac8 22.e5 Nfd5
23.Qe4 Qc6 24.b3 Nxc3 25.Nxc3 Qxe4 26.Nxe4 Nd5 27.Nd6 Bxd6 28.Rxd5 Be7 29.Rfd1 Rxd5
30.Rxd5 Rc7 31.g4 Kf8 32.Kg2 Ke8 33.Kf3 c4 34.bxc4 Rxc4 35.a5 Bd8 36.h4 Ra4
37.Be1 Bc7 38.f5 Bd8 39.h5 Bg5 40.Bg3 Ra3+ 41.Kg2 Bd8 42.Be1 Rb3 43.Bd2 Be7
44.Kf2 Rb5 45.Rxb5 axb5 46.Ke2 Kd7 47.Kd3 Kc6 48.Bc3 Kd5 49.e6 fxe6 50.Bxg7 exf5
51.gxf5 Bd8 52.Bc3 Be7 53.Bg7 Bb4 54.Bc3 Bd6 55.Bg7 b4 56.f6 Be5 57.h6 Ke6
58.f7 Bxg7 59.hxg7 Kxf7 60.Kc4 h5  0-1

[Event "Skopje op"]
[Site "Skopje"]
[Date "1998.12.15"]
[Round "4"]
[White "Dimitrov, Vladimir"]
[Black "Dinev, Dejan"]
[Result "1-0"]
[WhiteElo "2470"]
[BlackElo "2255"]

1.Nf3 d5 2.d4 Nf6 3.c4 c6 4.Nc3 a6 5.Bg5 Ne4 6.Bf4 Nxc3 7.bxc3 Qa5 8.Qd2 Bf5
9.Qb2 e5 10.Nxe5 Ba3 11.Qb3 b5 12.cxd5 cxd5 13.g4 Be6 14.Bg2 f6 15.Nd3 Nc6
16.O-O Rd8 17.Bc1 Bd6 18.e4 Ne7 19.Re1 Bxg4 20.exd5 Qc7 21.h3 Bc8 22.Nc5 O-O
23.a4 Nf5 24.axb5 axb5 25.Ne6 Qf7 26.Nxf8 Nh4 27.Ba3 Bxf8 28.Bxf8 Nxg2 29.Re7 Qh5
30.Rxg7+ Kh8 31.Raa7 Nf4 32.Rxh7+ Qxh7 33.Rxh7+ Kxh7 34.Be7 Rg8+ 35.Kf1 Bxh3+
36.Ke1 Rg1+ 37.Kd2 Rf1 38.d6 Be6 39.Qxb5 Rh1 40.d7 Rh2  1-0

[Event "Clichy"]
[Site "Clichy"]
[Date "1998.12.20"]
[Round "9"]
[White "Prusikin, Mikhajlo"]
[Black "Mohamed, Esam Ahmed Nagib"]
[Result "1-0"]
[WhiteElo "2475"]
[BlackElo "2455"]

1.d4 Nf6 2.Nf3 d5 3.c4 c6 4.Nc3 a6 5.cxd5 cxd5 6.Bf4 Nc6 7.Rc1 Qb6 8.Na4 Qa5+
9.Bd2 Qd8 10.Qb3 e6 11.Qb6 Nd7 12.Qxd8+ Nxd8 13.e3 Bd6 14.Bd3 b6 15.Ke2 Bb7
16.Rc2 Rc8 17.Rxc8 Bxc8 18.b4 Bb7 19.b5 a5 20.Ne5 Nxe5 21.dxe5 Bxe5 22.Nxb6 f5
23.Bxa5 Nf7 24.Rc1 Bd6 25.Nc8 Be5 26.f4 Bb8 27.Bc7 Bxc7 28.Rxc7 Bxc8 29.Rxc8+ Kd7
30.Rxh8 Nxh8 31.a4 Nf7 32.a5 Kd6 33.a6 Kc7 34.a7 Kb7 35.b6 Nd6 36.Ba6+ Ka8
37.Kd3  1-0

[Event "Groningen op"]
[Site "Groningen"]
[Date "1998.12.20"]
[Round "11"]
[White "Evseev, Denis"]
[Black "Atalik, Suat"]
[Result "1/2-1/2"]
[WhiteElo "2470"]
[BlackElo "2585"]

1.d4 d5 2.c4 c6 3.Nf3 Nf6 4.Nc3 a6 5.a4 e6 6.g3 dxc4 7.Bg2 c5 8.dxc5 Qxd1+
9.Nxd1 Bxc5 10.Ne5 Nd5 11.Nxc4 Ke7 12.O-O Nc6 13.Nc3 Rd8 14.Ne4 Bb4 15.Rd1 Bd7
16.b3 Be8 17.Bd2 f6 18.Bxb4+ Ncxb4 19.Bf3 b5 20.Na5 Rab8 21.Rdc1 Rdc8 22.axb5 axb5
23.Nc5 Rc7 24.Bxd5 Nxd5 25.Nd3 Rbc8 26.Rxc7+ Rxc7 27.e4 Nc3 28.Re1 Ra7 29.b4 Rd7
30.Nc5 Rd4 31.e5 f5 32.Nab7 Rxb4 33.Nd6 Bc6 34.Nc8+ Kd8 35.Nd6 Bd5 36.Ra1 Rb2
37.f3 Kc7 38.Nd3 Rd2 39.Nf4 Ba2 40.Rc1 b4 41.Nb5+ Kb6 42.Nxc3 bxc3 43.Rxc3 g5
44.Rd3 Rxd3 45.Nxd3 Bb1 46.Nc1 Kc5 47.Kf2 f4 48.gxf4 gxf4 49.Ne2 Bf5 50.Nxf4  1/2-1/2

[Event "Oxford Grandmasters 'A'"]
[Site "Oxford"]
[Date "1998.12.21"]
[Round "7"]
[White "Wells, Peter K"]
[Black "Pedersen, Steffen"]
[Result "1/2-1/2"]
[WhiteElo "2515"]
[BlackElo "2415"]

1.d4 d5 2.c4 c6 3.Nf3 Nf6 4.Nc3 a6 5.c5 Bf5 6.Qb3 Qc8 7.Bf4 Nbd7 8.h3 h6
9.e3 e6 10.Be2 Be7 11.Bh2 O-O 12.O-O Re8 13.Rfc1 Bd8 14.Qd1  1/2-1/2

[Event "Rilton Cup 9899"]
[Site "Stockholm"]
[Date "1998.12.30"]
[Round "3"]
[White "Bellon Lopez, Juan Manuel"]
[Black "Schneider, Stefan"]
[Result "1-0"]
[WhiteElo "2490"]
[BlackElo "2320"]

1.d4 d5 2.Nf3 Nf6 3.c4 c6 4.Nc3 a6 5.e3 b5 6.cxd5 cxd5 7.Ne5 e6 8.Bd2 Nbd7
9.Nd3 Bd6 10.Rc1 O-O 11.f4 b4 12.Na4 Ne4 13.g3 Qe7 14.Bg2 a5 15.Bxe4 dxe4
16.Ndc5 Nxc5 17.Nxc5 e5 18.fxe5 Bxc5 19.Rxc5 Bh3 20.Qc2 Bg2 21.Rg1 Bf3 22.Rf1 Qe6
23.Qc4 Rfc8 24.Qxe6 fxe6 25.a3 bxa3 26.bxa3 Rab8 27.Bc3 Rxc5 28.dxc5 Rb1+
29.Kf2 Rxf1+ 30.Kxf1 Kf7 31.Bxa5 Ke8 32.c6 Bd1 33.c7 Kd7 34.Ke1 Ba4 35.Kd2 Bc6
36.Kc3 Bb7 37.Kd4 Bc6 38.Kc5 Bb7 39.Kb6 Kc8 40.Bb4 Bd5 41.g4 Kd7 42.h4 Kc8
43.a4 Kd7 44.a5 Kc8 45.a6 Kd7 46.Bf8 g6 47.g5 Kc8 48.Bb4 Kd7 49.Ba5 Kc8 50.Kc5 Kd7
51.Bb6 Ba8 52.c8=Q+ Kxc8 53.Kd6 Bd5 54.Ke7  1-0

[Event "UKR-chT"]
[Site "Alushta"]
[Date "1998.??.??"]
[Round "?"]
[White "Timoshenko, Georgy"]
[Black "Shemeakin, Alexander"]
[Result "1-0"]
[WhiteElo "2560"]
[BlackElo "2325"]

1.d4 d5 2.c4 c6 3.Nc3 Nf6 4.Nf3 a6 5.a4 e6 6.Bg5 Be7 7.e3 O-O 8.Bd3 Nbd7
9.O-O Re8 10.Qc2 h6 11.Bh4 Nh5 12.Bxe7 Qxe7 13.Rfe1 Nhf6 14.e4 dxc4 15.Bxc4 e5
16.h3 Nh5 17.d5 Nb6 18.Bf1 cxd5 19.exd5 Qf6 20.a5 Bf5 21.Qd1 Nd7 22.g4 Qg6
23.Nh4 Bxg4 24.Qxg4 Qxg4+ 25.hxg4 Nhf6 26.Ra4 Nc5 27.Rb4 Rad8 28.Rd1 e4 29.Be2 g6
30.Ng2 Re5 31.Ne3 Rg5 32.Rc4 Nb3 33.Nxe4 Nxe4  1-0

[Event "UKR-chT"]
[Site "Alushta"]
[Date "1998.??.??"]
[Round "?"]
[White "Kutsyk, Ivan"]
[Black "Cherniakhovsky, Petr"]
[Result "1-0"]
[WhiteElo "2285"]
[BlackElo "2245"]

1.d4 d5 2.c4 c6 3.Nf3 Nf6 4.Nc3 a6 5.g3 e6 6.Bg2 b5 7.b3 Bb4 8.Bd2 O-O 9.O-O Be7
10.Qc2 Bb7 11.Bf4 Nbd7 12.Rfd1 Qa5 13.c5 Qd8 14.b4 a5 15.bxa5 Qxa5 16.Rdb1 Ba6
17.Qb2 Qd8 18.a4 bxa4 19.Rxa4 Qc8 20.Rba1 Bb7 21.Ra7 Re8 22.R1a2 Rxa7 23.Rxa7 Ba8
24.h3 Bf8 25.g4 g6 26.e3 Ne4 27.Nxe4 dxe4 28.Ne5 Nxe5 29.Bxe5 f5 30.Qa2 Bb7
31.Bf1 Re7 32.Bc4 Bg7 33.Bd6 Re8 34.Qb3 Ba8 35.Rc7 Qd8 36.Bxe6+  1-0

[Event "Oberliga Bayern9798"]
[Site "Bayern"]
[Date "1998.??.??"]
[Round "?"]
[White "Bachmayer, Peter"]
[Black "Velicka, Petr"]
[Result "1/2-1/2"]
[WhiteElo "2325"]
[BlackElo "2420"]

1.d4 d5 2.Nf3 Nf6 3.c4 c6 4.Nc3 a6 5.e3 b5 6.b3 Bg4 7.h3 Bxf3 8.Qxf3 e5 9.dxe5 Bb4
10.Bd2 Ne4 11.Nxe4 dxe4 12.Qd1 Bxd2+ 13.Qxd2 Qxd2+ 14.Kxd2 Nd7 15.Kc3 Ke7
16.Kd4 Rhd8 17.Be2 Nf6+ 18.Kc3 Nd7 19.Rhd1 Nxe5 20.Rd4 f5 21.Rad1 Rdb8 22.a3 g6
23.f4 exf3 24.gxf3 Ra7 25.f4 Nd7 26.Bf3 c5 27.R4d2 b4+ 28.Kb2 bxa3+ 29.Kxa3 Rb6  1/2-1/2

[Event "Oberliga Bayern9899"]
[Site "Bayern"]
[Date "1998.??.??"]
[Round "?"]
[White "Duer, Werner"]
[Black "Pitschka, Claus"]
[Result "1-0"]
[WhiteElo "2185"]
[BlackElo "2190"]

1.d4 d5 2.c4 c6 3.Nc3 Nf6 4.Nf3 a6 5.cxd5 cxd5 6.Bf4 Nc6 7.e3 Bg4 8.h3 Bxf3
9.Qxf3 e6 10.Bd3 Be7 11.O-O b5 12.Rfc1 Qb6 13.a4 b4 14.Nb1 O-O 15.Nd2 Rfc8
16.Nb3 Na5 17.Nxa5 Qxa5 18.Rxc8+ Rxc8 19.Qe2 Rc6 20.b3 Qb6 21.a5 Qb7 22.f3 h6
23.Bg3 Qc8 24.Be1 Nd7 25.Ra2 Bd6 26.e4 Nb8 27.e5 Be7 28.Bd2 Qb7 29.Bb1 Bf8
30.Qd3 g6 31.h4 h5 32.g4 hxg4 33.fxg4 Bg7 34.h5 Qe7 35.hxg6 Qh4 36.gxf7+ Kxf7
37.Qg6+ Kf8 38.Bxb4+  1-0

[Event "Berliner Sommer 16th"]
[Site "Berlin"]
[Date "1998.??.??"]
[Round "7"]
[White "Kuzmin, Gennadi P"]
[Black "Berebora, Ferenc"]
[Result "1-0"]
[WhiteElo "2560"]
[BlackElo "2390"]

1.d4 d5 2.c4 c6 3.Nf3 Nf6 4.Nc3 a6 5.e3 b5 6.cxd5 cxd5 7.Bd2 e6 8.Bd3 Nbd7
9.O-O Bb7 10.a4 b4 11.Ne2 a5 12.Ne5 Bd6 13.f4 O-O 14.Ng3 Ne4 15.Qe2 f6 16.Nf3 f5
17.Rfc1 Ndf6 18.Be1 Qb6 19.Nf1 Rac8 20.Bh4 Rxc1 21.Rxc1 Rc8 22.Rxc8+ Bxc8
23.Ne5 h6 24.Bxf6 Nxf6 25.Nd2 Nd7 26.g4 Bxe5 27.fxe5 f4 28.Nb3 fxe3 29.Bb5 Qc7
30.Kg2 Nxe5 31.dxe5 Qxe5 32.Nxa5 Qf6 33.Qc2 Kf7 34.Qc7+ Kg6 35.Bd3+ Kg5 36.Qg3 Qxb2+
37.Kh3 Qd4 38.Qh4+ Kf4 39.g5+ Ke5 40.Nc6+  1-0

[Event "Wch-09 blind "]
[Site "Brno"]
[Date "1998.??.??"]
[Round "3"]
[White "Pohlers, Juergen"]
[Black "Martinez Garcia, Jose"]
[Result "1/2-1/2"]
[WhiteElo "2145"]
[BlackElo "2190"]

1.d4 d5 2.c4 c6 3.Nc3 Nf6 4.Nf3 a6 5.Ne5 Nbd7 6.cxd5 Nxe5 7.dxe5 Nxd5 8.e4 Nxc3
9.Qxd8+ Kxd8 10.bxc3 c5 11.a4 b6 12.Bc4 e6 13.Bg5+ Be7 14.Bxe7+ Kxe7 15.O-O Bd7
16.f4 Bc6 17.Rfb1 Rhb8 18.Bd3 Kd7 19.f5 Kc7 20.Kf2 b5 21.axb5 axb5 22.fxe6 fxe6
23.Rxa8 Rxa8 24.Bxb5 Bxe4 25.Re1 Ra2+ 26.Re2  1/2-1/2

[Event "Bucharest Fest IM (Women)"]
[Site "Bucharest"]
[Date "1998.??.??"]
[Round "?"]
[White "Ionescu Ilie, Viorica"]
[Black "Grigorieva, Angela"]
[Result "1/2-1/2"]
[WhiteElo "2170"]
[BlackElo "2155"]

1.d4 d5 2.c4 c6 3.Nf3 Nf6 4.Nc3 a6 5.a4 e6 6.e3 Bd6 7.Bd3 Nbd7 8.O-O O-O
9.e4 dxc4 10.Bxc4 e5 11.dxe5 Nxe5 12.Nxe5 Bxe5 13.Qxd8 Rxd8 14.f3 Be6 15.Be2 b5
16.axb5 axb5 17.Be3 Bb3 18.Rfc1 Rxa1 19.Rxa1 b4 20.Nd1 Bxd1 21.Rxd1 Rxd1+
22.Bxd1 Bxb2 23.Ba4 Bc3 24.Kf2 Nd7 25.Ke2 Ne5 26.h3 Nc4 27.Bc5 g6 28.Bc2 Kg7
29.f4 Nd2 30.Kd3 Kf6 31.Ba4 h5 32.Be3 Nf1 33.Bf2 Ke6 34.Bxc6 Nd2 35.Bd5+ Ke7
36.Bc5+ Kf6 37.Be3 Nf1 38.Bc5 Nd2 39.Be3 Nf1 40.Bc5 Nd2 41.g3 b3  1/2-1/2

[Event "Primavara (Women)"]
[Site "Bucharest"]
[Date "1998.??.??"]
[Round "10"]
[White "Olarasu, Gabriela"]
[Black "Ionescu Brandis, Irina"]
[Result "1-0"]
[WhiteElo "2270"]
[BlackElo "2330"]

1.d4 d5 2.c4 c6 3.Nc3 Nf6 4.Nf3 a6 5.cxd5 cxd5 6.Bf4 Nc6 7.Ne5 Qb6 8.Nxc6 bxc6
9.Qb3 Qxd4 10.e3 Qa7 11.Na4 Nd7 12.Qc3 e6 13.Qxc6 Bb4+ 14.Nc3 O-O 15.a3 Ba5
16.b4 Bb6 17.Na4 e5 18.Nxb6 exf4 19.Nxa8 fxe3 20.O-O-O Nb8 21.Qxd5 Bb7 22.Qd4 Qxa8
23.Qxe3 Nc6 24.Bd3 Qc8 25.Kb1 Qc7 26.Rc1 g6 27.h4 Qd6 28.Rhd1 Nxb4 29.Bc4 Nd5
30.Qb3 Rb8 31.Ka2 Bc6 32.Bxd5 Qe5 33.Qc3 Qxc3 34.Rxc3  1-0

[Event "ARG-ch sf"]
[Site "Buenos Aires"]
[Date "1998.??.??"]
[Round "3"]
[White "Quiroga, Facundo"]
[Black "Soppe, Guillermo"]
[Result "0-1"]
[WhiteElo "2380"]
[BlackElo "2455"]

1.d4 d5 2.c4 c6 3.Nf3 Nf6 4.Nc3 a6 5.c5 Bf5 6.Bf4 Nbd7 7.Qb3 Ra7 8.e3 h6
9.h3 g5 10.Be5 Bg7 11.g4 Bh7 12.O-O-O O-O 13.h4 Nxg4 14.Bxg7 Kxg7 15.Rg1 Nxf2
16.Rd2 Ne4 17.Rdg2 f6 18.hxg5 fxg5 19.Nxe4 Rxf3 20.Rxg5+ Kh8 21.Rh5 dxe4
22.Rxh6 Qf8 23.Rhh1 Nf6 24.Qe6 Ra8 25.Bc4 Rd8 26.Qe5 Rd5 27.Bxd5 cxd5 28.Rxh7+ Kxh7
29.Rh1+ Kg7 30.Qe6 Rg3 31.Qe5 Rg6  0-1

[Event "Cannes op"]
[Site "Cannes"]
[Date "1998.??.??"]
[Round "4"]
[White "Anic, Darko"]
[Black "Bukal, Vladimir Jr"]
[Result "1/2-1/2"]
[WhiteElo "2455"]
[BlackElo "2400"]

1.Nf3 d5 2.d4 Nf6 3.c4 c6 4.Nc3 a6 5.Qb3 g6 6.g3 Bg7 7.Bg2 O-O 8.O-O e6 9.Rd1 Nbd7
10.Bf4 Re8 11.h3 Nb6 12.Nd2 dxc4 13.Nxc4 Nxc4 14.Qxc4 Nd5 15.Be5 f6 16.Bf4 Nxf4
17.gxf4 Kh8 18.Ne4 Rg8 19.Qc3 h6 20.Rd3 f5 21.Nc5 Qh4 22.Qd2 g5 23.fxg5 hxg5
24.Qe3 Re8 25.Rad1 Bf6 26.Rb3 Re7 27.a4 Kg7 28.a5 e5 29.d5 cxd5 30.Rxd5 e4
31.Qg3 Qxg3 32.fxg3 Rc7 33.e3 Kf7 34.Rb6 Be7 35.b4 Rc6 36.Bf1 Rxb6 37.axb6 a5
38.Bc4 Kg7 39.bxa5 Rxa5 40.Ne6+ Bxe6 41.Rxa5 Bxc4 42.Rxf5 Bd8 43.Kf2 Kg6
44.Re5 Bxb6 45.Rxe4 Bd5 46.Re5 Bc6 47.h4 gxh4 48.gxh4 Bc7 49.Rc5 Bd6 50.Rg5+ Kh6
51.Ke2 Be7 52.Re5 Bxh4 53.Kd3 Kg6 54.Kc4 Bf6 55.Re6 Bg2 56.e4 Kf7 57.Kd5 Bd8
58.Rh6 Bf6 59.Rh7+ Bg7 60.Rh2 Bxe4+  1/2-1/2

[Event "Cannes op"]
[Site "Cannes"]
[Date "1998.??.??"]
[Round "4"]
[White "Romanishin, Oleg M"]
[Black "Dunnington, Angus J"]
[Result "1-0"]
[WhiteElo "2570"]
[BlackElo "2390"]

1.d4 Nf6 2.Nf3 d5 3.c4 c6 4.Nc3 a6 5.g3 dxc4 6.Bg2 g6 7.O-O Bg7 8.e4 O-O
9.a4 a5 10.Qe2 Na6 11.Rd1 Nb4 12.Ne5 Qb6 13.Nxc4 Qa6 14.h3 Be6 15.b3 Nd7
16.Be3 Bxc4 17.bxc4 e6 18.Rac1 Rac8 19.Bf1 c5 20.d5 Bxc3 21.Rxc3 e5 22.h4 f5
23.Bh3 Qd6 24.Bh6 Rf7 25.Rf3 Re8 26.exf5 e4 27.Rf4 Ne5 28.Rxe4 gxf5 29.Re3  1-0

[Event "Ceske Budejovice op"]
[Site "Ceske Budejovice"]
[Date "1998.??.??"]
[Round "?"]
[White "Lymar, Vladimir"]
[Black "Dovzik, Juri"]
[Result "1/2-1/2"]
[WhiteElo "2295"]
[BlackElo "2390"]

1.d4 d5 2.Nf3 Nf6 3.c4 c6 4.Nc3 a6 5.a4 g6 6.Bg5 Bg7 7.e3 O-O 8.a5 Be6 9.Qb3 Qc7
10.Be2 dxc4 11.Bxc4 Bxc4 12.Qxc4 Nbd7 13.Bf4 Qc8 14.h3 c5 15.d5 Rd8 16.e4 Ne8
17.O-O Nd6 18.Qe2 b5 19.axb6 Nxb6 20.Rfd1 Qb7 21.e5 Nf5 22.g4 Nd4 23.Nxd4 cxd4
24.Rxd4 Nxd5 25.Nxd5 Rxd5 26.Rxd5 Qxd5 27.Rxa6 Rb8 28.Ra3 h6 29.Rd3 Qa2 30.Rd2 Rb4
31.Bg3 Qe6 32.Kg2 Qb6  1/2-1/2

[Event "CZE-chT2 9899"]
[Site "CZE"]
[Date "1998.??.??"]
[Round "?"]
[White "Spesny, Jan"]
[Black "Hitzgerova, Gabriela"]
[Result "1-0"]
[WhiteElo "2250"]
[BlackElo "2170"]

1.d4 d5 2.Nf3 Nf6 3.c4 c6 4.Nc3 a6 5.c5 Nbd7 6.Bf4 Nh5 7.e3 g6 8.h3 Nxf4
9.exf4 Qc7 10.g3 Bg7 11.Bg2 O-O 12.O-O Nf6 13.Re1 Bf5 14.Ne5 Rae8 15.Qd2 Nd7
16.Re2 f6 17.Nxd7 Qxd7 18.g4 Be6 19.Rae1 Bf7 20.Qd3 Qc7 21.f5 Bh6 22.Qf3 Bf4
23.b4 Kh8 24.a4 gxf5 25.gxf5 Rg8 26.b5 Rg5 27.b6 Qb8 28.h4 Bh5 29.hxg5 Bxf3
30.Bxf3 Rg8 31.Rxe7 Bd2 32.Nxd5 cxd5 33.g6 hxg6 34.R1e2 gxf5+ 35.Kf1 Bc3
36.Bxd5 Qh2 37.R2e3 Rg1+ 38.Ke2 Re1+ 39.Kd3 Rxe3+ 40.Rxe3 Qxf2 41.Re8+ Kg7
42.Kxc3 Qg3+ 43.Kc4 Qa3 44.Re7+ Kf8 45.Rxb7 Qa2+ 46.Kc3 Qxd5 47.Rc7 Qf3+
48.Kb4 Qf4 49.Ka5 Qxd4 50.Rc8+ Ke7 51.b7 Qc3+ 52.Kb6 Qb4+ 53.Ka7 f4 54.b8=Q Qxb8+
55.Rxb8 f3 56.Rb3 f2 57.Rf3 f1=Q 58.Rxf1  1-0

[Event "Moravia-chT 9798"]
[Site "CZE"]
[Date "1998.??.??"]
[Round "6.2"]
[White "Jaworski, Miroslaw"]
[Black "Velicka, Petr"]
[Result "1/2-1/2"]
[WhiteElo "2395"]
[BlackElo "2430"]

1.d4 d5 2.c4 c6 3.Nf3 Nf6 4.Nc3 a6 5.Qb3 dxc4 6.Qxc4 b5 7.Qb3 e6 8.Bg5 c5
9.dxc5 Bxc5 10.Ne4 Be7 11.Nxf6+ Bxf6 12.Bxf6 Qxf6 13.g3 O-O 14.Bg2 Bb7 15.O-O Nc6
16.Rac1 Rfd8 17.Qc3 Nd4 18.Nxd4 Bxg2 19.Kxg2 Qxd4 20.Qxd4 Rxd4 21.Rfd1 Rxd1
22.Rxd1 Kf8 23.Rd6 Rc8 24.Rxa6 Rc2 25.b4 Rxe2 26.Ra5 Ke7 27.Kf3 Rb2 28.Rxb5 Rxa2
29.Rb7+ Kf6 30.h4 h5 31.Ke3 Rb2 32.b5 g5 33.hxg5+ Kxg5 34.b6 Kf6 35.f3 Rb3+
36.Ke4 Kg7 37.Rb8 Kf6 38.Rb7 Kg7 39.Rb8 Kf6 40.Rb7  1/2-1/2

[Event "CZE-chT2 9798"]
[Site "CZE"]
[Date "1998.??.??"]
[Round "10.8"]
[White "Hlavacek, Robert"]
[Black "Jirka, Jiri"]
[Result "1/2-1/2"]
[WhiteElo "2095"]
[BlackElo "2315"]

1.d4 d5 2.c4 c6 3.Nf3 Nf6 4.Nc3 a6 5.e3 b5 6.cxd5 cxd5 7.Be2 Bf5 8.O-O e6
9.Ne5 Nbd7 10.Nxd7 Nxd7 11.f3 b4 12.Na4 Bd6 13.Bd3 Bxd3 14.Qxd3 Qb8 15.h3 Qb5
16.Qd1 O-O 17.b3 Rac8 18.Bb2 f5 19.Qd2 Rc6 20.Rac1 Rxc1 21.Rxc1 f4 22.Re1 fxe3
23.Qxe3 Rf6 24.Qd2 Kf7 25.Qc2 Rg6 26.Rc1 Bf4 27.Re1 Bd6 28.Rc1 e5 29.dxe5 Nxe5
30.Bxe5 Bxe5 31.Qf5+ Bf6 32.Rc7+ Kf8 33.Rc8+ Kf7 34.Rc7+ Kf8 35.Nc5 Rxg2+
36.Kxg2 Qe2+ 37.Kg1 Qe1+ 38.Kg2  1/2-1/2

[Event "POL-ch sf"]
[Site "Czestochowa"]
[Date "1998.??.??"]
[Round "11"]
[White "Kosiorek, Marek"]
[Black "Grabarczyk, Bogdan"]
[Result "1/2-1/2"]
[WhiteElo "2360"]
[BlackElo "2425"]

1.d4 d5 2.c4 c6 3.Nc3 Nf6 4.Nf3 a6 5.e3 g6 6.Bd3 Bg7 7.O-O O-O 8.h3 b5 9.b3 Nbd7
10.Bb2 Bb7 11.Rc1 bxc4 12.bxc4 c5 13.Na4 dxc4 14.Bxc4 cxd4 15.Bxd4 Qa5 16.Nc5 Bc6
17.Nxd7 Nxd7 18.Bxf7+ Rxf7 19.Rxc6 e5 20.Bc3 Qb5 21.Rc7 e4 22.Ng5 Qxg5 23.Bxg7 Nc5
24.Rxf7 Kxf7 25.Bd4 Ne6 26.Qb3 Qb5 27.f3 Qxb3 28.fxe4+ Ke7 29.axb3 Rc8 30.Ra1 Rc6
31.Ra5 h5 32.Kf2 Kd7 33.Kf3 Ke7 34.b4 Rc4 35.Bc5+ Kf7 36.Rxa6 Nxc5 37.bxc5 Rxc5
38.h4 g5 39.Rd6 gxh4 40.Rd5 Rc1 41.Rxh5 Rf1+ 42.Kg4 Rg1 43.Rxh4 Rxg2+ 44.Kf5 Rf2+
45.Ke5 Re2 46.Rh7+ Kg8 47.Rh3 Kf7 48.Kf4 Rf2+ 49.Rf3 Ra2 50.Kf5 Rh2 51.e5 Ke7
52.Ke4 Re2 53.Kf5 Rh2 54.Rf4 Re2 55.Ra4 Rf2+ 56.Ke4 Re2 57.Ra7+ Ke6 58.Ra6+ Ke7
59.Ra7+ Ke6 60.Ra6+ Ke7 61.Ra3 Ke6 62.Ra1 Ke7 63.Kd3 Rb2 64.Ra6 Rb1 65.Kd4 Rd1+
66.Ke4 Re1 67.Rd6 Re2 68.Rd3 Re1 69.Kd5 Ra1 70.Rd4 Ra5+ 71.Ke4 Ra1 72.Kf5 Rf1+
73.Rf4 Rh1 74.Rg4 Rf1+ 75.Rf4  1/2-1/2

[Event "Centrocoop Sept op-A"]
[Site "Eforie Nord"]
[Date "1998.??.??"]
[Round "?"]
[White "Iordache, Traian"]
[Black "Gutsu, S."]
[Result "1-0"]
[WhiteElo "2225"]
[BlackElo "1650"]

1.d4 d5 2.Nf3 Nf6 3.c4 c6 4.Nc3 a6 5.a4 e6 6.g3 c5 7.cxd5 exd5 8.Bg2 Be7
9.O-O O-O 10.Bg5 Be6 11.dxc5 Bxc5 12.Bxf6 Qxf6 13.Nxd5 Qxb2 14.Rb1 Qa2 15.Ng5 Nc6
16.Qd3 g6 17.Nf6+ Kg7 18.Nxe6+ Qxe6 19.Nd7 b6 20.Nxf8 Kxf8 21.Qd5 Qxd5 22.Bxd5 Rc8
23.Rfc1 Nd4 24.Kf1 Rd8 25.Bb7 a5 26.e3 Ne6 27.Rd1 Bb4 28.Rxd8+ Nxd8 29.Bd5 Ke7
30.Ke2 Ne6 31.Bxe6 Kxe6 32.Kd3 Kd5 33.e4+ Ke6 34.Kc4 Bc5 35.f3 f5 36.exf5+ Kxf5
37.Re1 h5 38.Re4 g5 39.h3 Bf2 40.g4+ hxg4 41.hxg4+ Kf6 42.Kd5 Bc5 43.Re6+ Kf7
44.Ke5 Bb4 45.Kf5 Bc5 46.Rc6 Be3 47.Rf6+ Kg7 48.Re6 Bd2 49.Rxb6  1-0

[Event "HUN-chT 9798"]
[Site "Hungary"]
[Date "1998.??.??"]
[Round "?"]
[White "Konopka, Michal"]
[Black "Vegh, Endre"]
[Result "0-1"]
[WhiteElo "2415"]
[BlackElo "2330"]

1.Nf3 Nf6 2.c4 c6 3.d4 d5 4.Nc3 a6 5.e3 b5 6.b3 Bg4 7.Be2 e6 8.O-O Nbd7 9.h3 Bh5
10.Bb2 Qb8 11.Ne1 Bxe2 12.Qxe2 Be7 13.a4 bxc4 14.bxc4 Nb6 15.c5 Nc4 16.Nd3 Ne4
17.Nxe4 dxe4 18.Nf4 Nxb2 19.Rfb1 e5 20.Rxb2 Qc7 21.Nh5 O-O 22.Rab1 Ra7 23.Rb6 a5
24.Ng3 exd4 25.exd4 f5 26.Qc4+ Kh8 27.Qe6 e3 28.Ne2 exf2+ 29.Kxf2 f4 30.Rxc6 Qd8
31.d5 f3 32.gxf3 Bh4+ 33.Kg1 Re7 34.Rd6 Qe8 35.Qg4 Rxe2 36.Qxh4 Qe3+  0-1

[Event "HUN-chT 9798"]
[Site "Hungary"]
[Date "1998.??.??"]
[Round "?"]
[White "Horvath, Csaba"]
[Black "Chernin, Alexander"]
[Result "1/2-1/2"]
[WhiteElo "2485"]
[BlackElo "2635"]

1.d4 Nf6 2.Nf3 d5 3.c4 c6 4.Nc3 a6 5.cxd5 cxd5 6.Bf4 Nc6 7.e3 Bg4 8.Be2 e6
9.O-O Be7 10.Ne5 Bxe2 11.Qxe2 Rc8 12.Rfc1 O-O 13.Nd3 Nb4 14.Bg5 Nxd3 15.Qxd3 Nd7
16.Bxe7 Qxe7 17.Rc2 Rc6 18.Rac1 Rfc8 19.Nb1 Qd6  1/2-1/2

[Event "South California-ch"]
[Site "Irvine"]
[Date "1998.??.??"]
[Round "2"]
[White "Van Buskirk, Charles"]
[Black "Jones, Stephen L"]
[Result "1-0"]
[WhiteElo "2265"]
[BlackElo "2285"]

1.d4 d5 2.c4 c6 3.Nf3 Nf6 4.Nc3 a6 5.Ne5 g6 6.cxd5 cxd5 7.g3 Bg7 8.Bg2 O-O
9.O-O Nc6 10.Nxc6 bxc6 11.Bf4 Nh5 12.Be3 Rb8 13.Qd2 Qb6 14.b3 Re8 15.Rac1 Qa5
16.Rfd1 Bf8 17.Bf3 Ng7 18.Bf4 Ra8 19.Na4 Qb5 20.Qc3 Bd7 21.Nc5 Bc8 22.Bc7 a5
23.e3 e6 24.a4 Qb4 25.Qxb4 axb4 26.Nd3 Bb7 27.Bb6 f6 28.Bc5 Bxc5 29.Rxc5 e5
30.Nxb4 Ne6 31.Rcc1 Rab8 32.dxe5 fxe5 33.Nxc6 Bxc6 34.Rxc6 e4 35.Bg4 Nd8
36.Rc3 Re5 37.Rc8 Rxc8 38.Bxc8 Kf7 39.a5 d4 40.Rxd4 Nc6 41.Rd7+ Kf8 42.a6 Ra5
43.Bb7 Ra1+ 44.Kg2 Ne5 45.Rd4  1-0

[Event "Karvina op"]
[Site "Karvina"]
[Date "1998.??.??"]
[Round "?"]
[White "Piza, Vlastimil"]
[Black "Velicka, Petr"]
[Result "1/2-1/2"]
[WhiteElo "2295"]
[BlackElo "2430"]

1.Nf3 d5 2.d4 Nf6 3.c4 c6 4.Nc3 a6 5.e3 b5 6.cxd5 cxd5 7.Bd3 Nbd7 8.O-O Bb7
9.Bd2 e6 10.Ne2 Ne4 11.a4 b4 12.a5 Bd6 13.Qa4 Nxd2 14.Nxd2 O-O 15.Rfc1 Qe7
16.f4 Rfc8 17.Rxc8+ Rxc8 18.Rc1 Qd8 19.Nf3 Nb8 20.Rxc8 Qxc8 21.Kf2 Kf8 22.g4 Qc7
23.Nd2 h6 24.h4 f6 25.Qa1 e5 26.fxe5 fxe5 27.dxe5 Bxe5 28.Nf3 Nc6 29.Bg6 Bc8
30.Qc1 Bd6 31.Qd1 Ne7 32.h5 Bxg4 33.Ned4 Qxa5 34.Qf1 Nxg6 35.hxg6 Bc8 36.Kg1 Ke8
37.Nh4 Qc7 38.Nhf5 Be5 39.Kg2 Bf6 40.Qf3 Qe5 41.Nxg7+ Kd7 42.Ngf5 Kc7 43.Nxh6 Qg5+
44.Qg3+ Qxg3+ 45.Kxg3 Bxd4 46.exd4 a5 47.Kf4 a4 48.Ke5 a3 49.bxa3 bxa3 50.g7 a2
51.g8=Q a1=Q 52.Qg3  1/2-1/2

[Event "Korinthos op"]
[Site "Korinthos"]
[Date "1998.??.??"]
[Round "5"]
[White "Belakovskaia, Anjelina"]
[Black "Christenson, Flemming"]
[Result "*"]
[WhiteElo "2385"]
[BlackElo "2210"]

1.d4 d5 2.c4 c6 3.Nc3 Nf6 4.Nf3 a6 5.a4 e6 6.Bg5 Nbd7 7.cxd5 exd5 8.e3 Bd6
9.Bd3 O-O 10.Qc2 h6 11.Bh4 Re8 12.g4 Be7 13.g5 Ne4 14.Bxe4 dxe4 15.Nxe4 Qa5+
16.Ke2 Nf8 17.Ne5 hxg5 18.Nxg5 Bxg5 19.Bxg5 Ng6 20.f4 Nxe5 21.fxe5 Bg4+ 22.Kf2 Qd5
23.Rhf1 c5 24.Kg3 Bh5 25.Qg2 Qe6 26.Qh3 Be2 27.Qxe6 Rxe6 28.Rf2 Bd3 29.Rd1 Be4
30.Kf4 Bd5 31.dxc5 Bc6 32.Rd6 Rae8 33.Rxe6 Rxe6 34.a5 Kh7 35.Kf5 Bd7 36.Ke4 Kg6
37.Bf4 Bc6+ 38.Kd4 Re8 39.Kc3 Rd8 40.Rd2 Rxd2 41.Kxd2 Kf5 42.Kd3 g5 43.Bg3 g4
44.Bf4 Be4+ 45.Kd4 Bc6 46.b4 Be4 47.Bh6 Bc6 48.Bf8 Be4  *

[Event "RUS-ch sf"]
[Site "Krasnodar"]
[Date "1998.??.??"]
[Round "?"]
[White "Astrahantsev, Anatoly"]
[Black "Stepovaia Dianchenko, Tatiana"]
[Result "1-0"]
[WhiteElo "2305"]
[BlackElo "2355"]

1.d4 d5 2.c4 c6 3.Nc3 Nf6 4.Nf3 a6 5.cxd5 cxd5 6.Bf4 Nc6 7.e3 Bg4 8.h3 Bxf3
9.Qxf3 e6 10.Bd3 Bd6 11.O-O O-O 12.Rac1 Bxf4 13.Qxf4 Qa5 14.a3 Rac8 15.Qh4 e5
16.dxe5 Nxe5 17.Rfd1 Nxd3 18.Rxd3 Rc4 19.Rd4 Rxd4 20.Qxd4 Rd8 21.Ne2 Qb5
22.Ng3 Qd7 23.Qf4 Ne8 24.Rd1 Nc7 25.Nf5 Ne6 26.Qe5 Kh8 27.e4 f6 28.Qxd5 Qxd5
29.Rxd5 g6 30.Rxd8+ Nxd8 31.Nd4 Kg7 32.f4 Kf7 33.Kf2 Ke7 34.Ke3 Kd6 35.Kd3 b6
36.Kc4 Nf7 37.Nc2 Nd8 38.Nb4 b5+ 39.Kd3 a5 40.Nd5 f5 41.Nf6 Ne6 42.g3 Nc5+
43.Kd4 Ne6+ 44.Kc3 fxe4 45.Nxe4+ Kc6 46.b4 axb4+ 47.axb4 h5 48.Ng5 Ng7 49.Kd3 Nf5
50.Ne4 Ne7 51.Nc3 Nf5 52.g4 hxg4 53.hxg4 Nh6 54.g5 Nf5 55.Ke4 Ng3+ 56.Ke5 Nf5
57.Ne2 Ne3 58.Nd4+ Kd7 59.Ke4  1-0